书目信息 |
| 题名: |
建筑工程施工技术标准
|
|
| 作者: | 肖绪文 总主编 ;中国建筑第八工程局 编 ;中国建筑第八工程局 编 | |
| 分册: | 3 | |
| 出版信息: | 北京 中国建筑工业出版社 2005.03 |
|
| 页数: | 4247页 | |
| 开本: | 26cm | |
| 丛书名: | ||
| 单 册: | ||
| 中图分类: | TU711 | |
| 科图分类: | ||
| 主题词: | 建筑工程--jian zhu gong cheng--工程施工--标准--中国--汇编 | |
| 电子资源: | ||
| ISBN: | 7-112-07260-3 | |
| 000 | 01237nam0 2200253 450 | |
| 001 | 010229104734 | |
| 005 | 20240329084330.18 | |
| 010 | @a7-112-07260-3@b精装@dCNY118.00 | |
| 100 | @a20050723d2005 km y0chiy0120 ea | |
| 101 | 0 | @achi |
| 102 | @aCN@b110000 | |
| 105 | @aa z 000yy | |
| 200 | 1 | @a建筑工程施工技术标准@Ajian zhu gong cheng shi gong ji shu biao zhun@f中国建筑第八工程局编@Fzhong guo jian zhu di ba gong cheng ju bian@h3@g中国建筑第八工程局编@Gzhong guo jian zhu di ba gong cheng ju bian |
| 210 | @a北京@c中国建筑工业出版社@d2005.03 | |
| 215 | @a4247页@c图@d26cm | |
| 314 | @a书中题:肖绪文总主编 | |
| 330 | @a本标准包括施工工艺、施工技术、施工管理等内容,凡国家验收规范中有的分部、分项工程均有相应的施工工艺与之对应。本册包括:建筑给水排水及采暖工程施工技术标准、通风与空调工程施工技术标准、建筑电气工程施工技术标准、智能建筑工程施工技术标准。 | |
| 606 | 0 | @a建筑工程@Ajian zhu gong cheng@x工程施工@x标准@y中国@x汇编 |
| 690 | @aTU711@v4 | |
| 701 | 0 | @a肖绪文@Axiao xu wen@4总主编 |
| 711 | 0 | @a中国建筑第八工程局@Azhong guo jian zhu di ba gong cheng ju@4编 |
| 712 | 02 | @a中国建筑第八工程局@Azhong guo jian zhu di ba gong cheng ju@4编 |
| 801 | 0 | @aCN@b河南城建学院图书馆@c20050726 |
| 905 | @a10447@dTU711@eX296:3 | |
| 建筑工程施工技术标准/中国建筑第八工程局编.3/中国建筑第八工程局编.-北京:中国建筑工业出版社,2005.03 |
| 4247页:图;26cm |
| ISBN 7-112-07260-3(精装):CNY118.00 |
| 本标准包括施工工艺、施工技术、施工管理等内容,凡国家验收规范中有的分部、分项工程均有相应的施工工艺与之对应。本册包括:建筑给水排水及采暖工程施工技术标准、通风与空调工程施工技术标准、建筑电气工程施工技术标准、智能建筑工程施工技术标准。 |
| ● |
| 相关链接 |
|
|
|
正题名:建筑工程施工技术标准
索取号:TU711/X296:3
 
预约/预借
| 序号 | 登录号 | 条形码 | 馆藏地/架位号 | 状态 | 备注 |
| 1 | 1241439 | 212414396 | 建筑库201/201建筑库 18排2列3层/ [索取号:TU711/X296] | 在馆 | |
| 2 | 1241440 | 212414403 | 建筑库201/201建筑库 18排2列3层/ [索取号:TU711/X296] | 在馆 | |
| 3 | 1241441 | 212414412 | 建筑库201/201建筑库 18排2列3层/ [索取号:TU711/X296] | 在馆 | |
| 4 | 1241442 | 212414421 | 建筑库201/201建筑库 18排2列3层/ [索取号:TU711/X296] | 在馆 | |
| 5 | 1241443 | 212414430 | 建筑库201/201建筑库 18排2列3层/ [索取号:TU711/X296] | 在馆 | |
| 6 | 1241444 | 212414449 | 建筑库201/201建筑库 18排2列3层/ [索取号:TU711/X296] | 在馆 | |
| 7 | 1550585 | 215505852 | 建筑库201/201建筑库 18排2列4层/ [索取号:TU711/X296:3] | 在馆 | |
| 8 | 1550586 | 215505861 | 建筑库201/201建筑库 18排2列4层/ [索取号:TU711/X296:3] | 在馆 | |
| 9 | 1550587 | 215505870 | 建筑库201/201建筑库 18排2列4层/ [索取号:TU711/X296:3] | 在馆 | |
| 10 | 1550588 | 215505889 | 建筑库201/201建筑库 18排2列4层/ [索取号:TU711/X296:3] | 在馆 | |
| 11 | 1550589 | 215505898 | 建筑库201/201建筑库 18排2列4层/ [索取号:TU711/X296:3] | 在馆 | |
| 12 | 1550590 | 215505905 | 建筑库201/201建筑库 18排2列4层/ [索取号:TU711/X296:3] | 在馆 | |
| 13 | 1550591 | 215505914 | 建筑库201/201建筑库 18排2列3层/ [索取号:TU711/X296:3] | 在馆 | |
| 14 | 1550592 | 215505923 | 建筑库201/201建筑库 18排2列4层/ [索取号:TU711/X296:3] | 在馆 | |
| 15 | 1550593 | 215505932 | 建筑库201/201建筑库 18排2列3层/ [索取号:TU711/X296:3] | 在馆 | |
| 16 | 1550594 | 215505941 | 建筑库201/201建筑库 18排2列4层/ [索取号:TU711/X296:3] | 在馆 | |
| 17 | 1550595 | 215505950 | 建筑库201/201建筑库 18排2列4层/ [索取号:TU711/X296:3] | 在馆 | |
| 18 | 1550596 | 215505969 | 建筑库201/201建筑库 18排2列4层/ [索取号:TU711/X296:3] | 在馆 | |
| 19 | 526606 | 205266068 | 建筑库201/201建筑库 18排2列3层/ [索取号:TU711/X296] | 在馆 | |
| 20 | 526607 | 205266077 | 建筑库201/201建筑库 18排2列3层/ [索取号:TU711/X296] | 在馆 |